| 000 | 02006nam a2200469 c 4500 | ||
|---|---|---|---|
| 003 | BLK | ||
| 005 | 20250307143231.0 | ||
| 008 | 180408b bul|||||r ||||||| ||bul|| | ||
| 010 | _aKNG00080314000 | ||
| 020 |
_a978-954-320-132-7 _bиздат.: Рива |
||
| 040 | _aBLK | ||
| 041 |
_aBUL _cBUL |
||
| 080 |
_aИстория на Албания _b949.65 _x _z949.65 |
||
| 080 |
_aНационални малцинства. Оптанти _b323.15 _x(497=919.83) _z323.15(497=919.83) |
||
| 100 | 1 |
_aМете, Серж _eпърви автор _995031 |
|
| 700 | 1 |
_aВенова, Нина _eпрев. от фр. _9367694 |
|
| 700 | 1 |
_aЦаков, Веселин _eхудож. _9294424 |
|
| 139 |
_aМете, Серж _bМ 51 |
||
| 245 | 1 | 0 |
_aИстория на албанците _bОт илирите до независимостта на Косово _cСерж Мете; прев. от фр. Нина Венова; худож. Веселин Цаков. |
| 257 | _aFRA | ||
| 260 |
_аСофия _bРива _c2007 _fВ. Търново : Абагар |
||
| 300 |
_a406 с., 4 л. _bцв. ил. _c24 см |
||
| 380 | _a9 | ||
| 500 | _aОриг. загл. Histoire des Albanais / Serge Metais. - Съдържа Хронология. - Библиогр. с. 402-405. | ||
| 504 | _a402-405 | ||
| 590 | _aф | ||
| 650 | 7 |
_aАлбания - история _2 _9146718 |
|
| 650 | 4 |
_aНационален въпрос и национална политика - балкански страни _9261301 |
|
| 650 | 4 |
_aАлбански въпрос _9273979 |
|
| 651 | 4 |
_aАлбания _9178519 |
|
| 653 | _aистория | ||
| 653 | _aалбанци | ||
| 653 | _aнационална политика | ||
| 653 | _aбалкански държави | ||
| 653 | _aалбански въпрос | ||
| 852 | _aЦб 237590 | ||
| 856 | 4 |
_qpdf _u |
|
| 856 | 4 |
_qpdf _u |
|
| 942 |
_cKNG _n0 _010 |
||
| 944 |
_aCR _c09.01.2008 _k30530 _lМинев Младен |
||
| 944 |
_aED _c04.02.2010 _k |
||
| 999 |
_c75892 _d75892 |
||